| 000 | 00582nam a2200205 a 4500 | ||
|---|---|---|---|
| 001 | BRCA_4126 | ||
| 005 | 20190320204543.0 | ||
| 008 | 130410s1853----fr-#######---#000-0#spa-# | ||
| 041 | _aspa | ||
| 044 | _afr | ||
| 050 | 4 |
_aF1230 _b.D52 1853 |
|
| 100 | 1 |
_aDiaz del Castillo, Bernal _d1492-1581 _910195 |
|
| 245 | 1 | 0 |
_aLa conquista de Nueva España _cBernal Diaz del Castillo. |
| 260 |
_aParís _bSociedad de Ediciones Louis Michaud _c1853 |
||
| 300 |
_a4 v. _c18 cm. |
||
| 500 | _aC154 | ||
| 651 | 4 |
_aMéxico _xHistoria _yConquista, 1519-1540 _9442 |
|
| 902 | _aGFM | ||
| 942 |
_2lcc _cB |
||
| 999 |
_c3842 _d3842 |
||